El hombre, la bestias y la virtud: apólogo en tres actos

Wedi'i Gadw mewn:
Manylion Llyfryddiaeth
Prif Awdur: Pirandello, Luigi (Awdur)
Fformat: Llyfr
Iaith:Sbaeneg
Cyhoeddwyd: Buenos Aires Librería Hachette 1942
Cyfres:Biblioteca de Bolsillo. Serie Azul, 45
Pynciau:
Tagiau: Ychwanegu Tag
Dim Tagiau, Byddwch y cyntaf i dagio'r cofnod hwn!

MARC

LEADER 00000nam a2200000 a 4500
001 UCZ1728
003 CL-VaPUC
008 950831e19420000AG |||||||||||||||||spa|d
082 0 4 |a 852  |b PIR  |2 21 
100 0 |a Pirandello, Luigi  |e author  |9 338032 
245 1 3 |a El hombre, la bestias y la virtud: apólogo en tres actos 
300 |a 206 p 
942 |c BK 
945 |d 19950831 00:00:00  |a rbrito 
260 |a Buenos Aires  |b Librería Hachette  |c 1942 
650 7 |a DRAMA ITALIANO  |2 CL-VaPUC  |9 345074 
583 |a last modification  |c 19950831 00:00:00  |k Rodrigo Vera 
490 0 |a Biblioteca de Bolsillo. Serie Azul, 45 
999 |c 238434  |d 238432 
952 |0 0  |1 0  |4 0  |6 852_000000000000000_PIR_1942  |7 0  |8 A  |9 248609  |a BIBEDU  |b BIBEDU  |d 2019-11-18  |i 3106306  |o 852 PIR 1942  |p 3106306  |r 2019-11-18  |w 2019-11-18  |y BK  |k LIT